Statistics for Family Guy Knowledge Quiz

Click here to take the quiz!

General Stats

  • This quiz has been taken 204 times
    (198 since last reset)
  • The average score is 8 of 13

Answer Stats

HintCharacter or Location% Correct
Qaugmires jobPilot
93%
Peters first bossMr. Weed
87%
This character hates BrianQuagmire
85%
Stewies teddy bears nameRupert
85%
How many children do the Swansons have2
84%
The Griffens live on this streetSpooner Street
81%
What Character got a spinoffCleveland
80%
The name of Chris and Meg's high schoolJames Wood
78%
Brian was addicted to this drugCocaine
67%
What magical sea creature helped found QuahogClam
52%
What was Meg name in Stewie alternate futureRon
23%
Joe won theSpecial Olympics
23%
Peter told Meg that she was this type of girlfriendStarter girlfriend
0%

Score Distribution

Percentile by Number Answered

Percent of People with Each Score

Your Score History

You have not taken this quiz since the last reset